Statistics for Languages: Vegetables from Spanish to English

Click here to take the quiz!

General Stats

  • This quiz has been taken 79 times
  • The average score is 8 of 14

Answer Stats

In SpanishAnd in English% Correct
naranjaorange
98%
manzanaapple
97%
melónmelon
90%
patatapotato
87%
arrozrice
82%
citrónlemon
74%
lechugalettuce
65%
ajogarlic
61%
alverjapea
44%
arándano azulblueberry
37%
pepinocucumber
35%
puerroleek
16%
trigowheat
16%
apiocelery
11%

Score Distribution

Percentile by Number Answered

Percent of People with Each Score

Your Score History

You have not taken this quiz